| 000 | 00428cam a2200181 4500 | ||
|---|---|---|---|
| 001 | D6972 | ||
| 008 | 090401t1977 xxu||||| |||| 00| 0 eng d | ||
| 035 | _a(Sirsi) u4277 | ||
| 041 | _aeng | ||
| 050 | _a693.892 | ||
| 100 | _aMarsh, Paul | ||
| 245 | _aAir and rain penetration of buildings | ||
| 260 |
_aLondon _bConstruction Press _c1977 |
||
| 300 | _a174p. ill. 30cm | ||
| 350 | _a8.5 | ||
| 942 | _n0 | ||
| 948 | _c04/03/1997 | ||
| 999 |
_c86011 _d86011 |
||